000 00578nam a22002177a 4500
005 20170124110103.0
010 _aA-687984
020 _c00.00
035 _aA-687984
037 _bCen Lib/Ret
040 _aDPL
_bEN
082 _aN
_bCON
100 _aConrad, Joseph
_927629
245 _aLord jim /
_cby Joseph Conrad
260 _bUBS publishers
_c1994
_aNew Delhi
270 _bNew Delhi
_a5, ansari road, dariya ganj
_e110002
300 _axi, 316p.
_c16cm(Hb)
650 _aEnglish literature
_927630
650 _aNovels
_913976
942 _2ddc
_cEN
_hN
_mCON
999 _c129868
_d129868